000 00707cam a2200217ua 4500
001 24678
008 190622n2017 II |||gr||||Z||||||eng
082 _a519.4
245 _aNUMERICAL PROBLEMS IN PHYSICS
_hTextual Documents
260 _aNEW DELHI
_bS.CHAND & COMPANY
_c2017
300 _a497:
_c20CM.
500 _aRUSA
653 _aNumerical Physics
700 _aJAIN, K.C.,
_eAUTHOR.
700 _aARORA, C.L.,
_eAUTHOR.
999 _c27926
_d27926